EFFECTIVE COMPLAINT MANAGEMENT THE BUSIN (Record no. 32612)
[ view plain ]
| 000 -LEADER | |
|---|---|
| fixed length control field | 00340nam a2200133Ia 4500 |
| 008 - FIXED-LENGTH DATA ELEMENTS--GENERAL INFORMATION | |
| fixed length control field | 240624s9999 xx 000 0 und d |
| 041 ## - LANGUAGE CODE | |
| Language code of text/sound track or separate title | eng |
| 082 ## - DEWEY DECIMAL CLASSIFICATION NUMBER | |
| Classification number | 658.812 STA |
| 100 ## - MAIN ENTRY--PERSONAL NAME | |
| Personal name | STAUSS BERND |
| 245 ## - TITLE STATEMENT | |
| Title | EFFECTIVE COMPLAINT MANAGEMENT THE BUSIN |
| 260 ## - PUBLICATION, DISTRIBUTION, ETC. | |
| Date of publication, distribution, etc. | 2019 |
| Place of publication, distribution, etc. | Switzerland |
| Name of publisher, distributor, etc. | Springer |
| 300 ## - PHYSICAL DESCRIPTION | |
| Extent | 495p. ;23cm. |
| 365 ## - TRADE PRICE | |
| Currency code | ERU |
| Price amount | 33 |
| Withdrawn status | Lost status | Damaged status | Not for loan | Home library | Current library | Shelving location | Date acquired | Full call number | Barcode | Date last seen | Copy number | Price effective from | Koha item type |
|---|---|---|---|---|---|---|---|---|---|---|---|---|---|
| IMTN | IMTN | Rack 37-A | 01/07/2022 | 658.812 STA | 32612 | 06/24/2024 | 88.7 | 06/24/2024 | Books |